000
00254nam a22000977a 4500
999
_c
521873
_d
521873
082
_a
TNC
100
_a
Barrington, T.J.
_9
36132
245
_a
The Irish Administrative System
260
_a
Ireland
_b
Institute Of Public Administration
_c
1980
300
_a
242p.